header

Psychoanalytic studies of the personality (Record no. 1241)

MARC details
000 -LEADER
fixed length control field 01392nam a2200337 a 4500
082 04 - DEWEY DECIMAL CLASSIFICATION NUMBER
Classification number 155.2
100 1# - MAIN ENTRY--AUTHOR NAME
Personal name Fairbairn, W. Ronald D.
245 10 - TITLE STATEMENT
Title Psychoanalytic studies of the personality
260 ## - PUBLICATION, DISTRIBUTION, ETC. (IMPRINT)
Place of publication London ;
-- New York :
Name of publisher Routledge,
Year of publication 1994.
300 ## - PHYSICAL DESCRIPTION
Number of Pages xxi, 312 p.
500 ## - GENERAL NOTE
General note Originally published: London : Tavistock Publications, 1952.
650 #0 - SUBJECT ADDED ENTRY--TOPICAL TERM
Topical Term Object relations (Psychoanalysis)
Topical Term Personality.
Topical Term Psychoanalysis.
856 40 - ELECTRONIC LOCATION AND ACCESS
Uniform Resource Identifier http://site.ebrary.com/lib/rucke/Doc?id=5001593

No items available.

© 2026 Rongo University
Contact us: librarian | system librarian | Rongo university